000 01070nam a2200337 i 4500
001 768714001
003 CO-MdFUSB
005 20260119090416.0
007 ta
008 230307t2012 bl |||| |||| 00| 0 spa d
020 _a9781598774399
040 _aCO-MdFUSB
_bspa
_cCO-MdFUSB
_dCO-MdFUSBC
_erda
041 _aspa
_agrc
082 _223
_a225.48
_bT157nu
100 1 _aTamez, Elsa
_eautor
245 1 3 _aEl Nuevo Testamento griego palabra por palabra
_c/ Elsa Tamez , Isela Trujillo
246 _aEl Nuevo Testamento Interlineal palabra por palabra
264 1 _aBrasil :
_bSociedades Bíblicas Unidas,
_c[2012]
264 4 _c©2012
300 _a1000 Páginas
_c; 24 cm
336 _2rdacontent
_atexto
_btxt
337 _2rdamedia
_asin mediación
_bn
338 _2rdacarrier
_avolumen
_bnc
505 _aIntroducción -- Los libros del Nuevo Testamento -- Apéndices
563 _aDura
653 _aInterlineal Griego-Español
700 _aTrujillo, Isela,
_eautor
_97938
942 _cREF
945 _aMag1104
999 _c68515
_d68515